Ke vzniku dělnické písně v jižních Čechách /

Hlavní autor: Pecka, Jindřich, 1936-1998
Jazyk: Čeština
Vydáno: České Budějovice : Pedagogická fakulta, 1969
Vydání: 1. vyd.
Edice: Rozpravy Pedagogické fakulty v Českých Budějovicích. Řada společenských věd ; č. 5
Témata:
Fyzický popis: 64 s.
Knihy
Uloženo v:
LEADER 00933nam a22002412a 4500
001 000351268
003 CZ BrMZK
005 20190321133340.0
008 010907s1969 xr f cze d
015 |a cnb000424652 
035 |a (OCoLC)42158002 
040 |a BOA001  |b cze 
100 1 |a Pecka, Jindřich,  |d 1936-1998  |7 jn19990202014 
245 1 0 |a Ke vzniku dělnické písně v jižních Čechách /  |c Jindřich Pecka 
250 |a 1. vyd. 
260 |a České Budějovice :  |b Pedagogická fakulta,  |c 1969 
300 |a 64 s. 
490 1 |a Rozpravy Pedagogické fakulty v Českých Budějovicích. Řada společenských věd ;  |v č. 5 
810 2 |a Pedagogická fakulta v Českých Budějovicích.  |t Rozpravy.  |p Řada společenských věd  |0 s 
910 |a BOA001  |b PK-0056.197 
964 |a Písně dělnické české - dějiny 
990 |a BK 
996 7 |b 3119807900  |c PK-0056.197  |l MZK  |r Sklad / do 1 hodiny  |n 0  |w 000351268  |u 000010  |a 1  |e BOA001  |j MZK50  |s A